Taylor Swift - Statistics

General Stats
  • This quiz has been taken 2,478 times
  • The average score is 8 of 9
Answer Stats
Hint Answer % Correct
birth year 1989
100%
Fifth Album 1989
100%
lucky number 13
99%
first album Taylor Swift
99%
second album Fearless
97%
Fourth Album Red
97%
Third album Speak Now
97%
middle name Alison
89%
current boyfriend Calvin Harris
51%
No matching quizzes found
Score Distribution
Percent of People with Each Score
Percentile by Number Answered
Your Score History
You have not taken this quiz